Prosperidad y depresión: análisis teórico de los movimientos cíclicos

Wedi'i Gadw mewn:
Manylion Llyfryddiaeth
Prif Awdur: Haberler, Gottfried (Awdur)
Fformat: Llyfr
Iaith:Sbaeneg
Cyhoeddwyd: Ciudad de México Fondo de Cultura Económica 1953
Rhifyn:3a. ed
Cyfres:Obras de Economía
Pynciau:
Tagiau: Ychwanegu Tag
Dim Tagiau, Byddwch y cyntaf i dagio'r cofnod hwn!

MARC

LEADER 00000nam a2200000 a 4500
001 UCQ0895
003 CL-VaPUC
008 980703e19530000MX |||||||||||||||||spa|d
082 0 4 |a 338.542  |b HAB  |2 21 
100 |a Haberler, Gottfried  |e author  |9 618216 
245 1 0 |a Prosperidad y depresión: análisis teórico de los movimientos cíclicos 
250 |a 3a. ed 
300 |a 539 p 
942 |c BK 
945 |d 19980703 00:00:00  |a crobeson 
260 |a Ciudad de México  |b Fondo de Cultura Económica  |c 1953 
650 7 |a CICLO DE NEGOCIOS  |2 CL-VaPUC  |9 408969 
650 7 |a FLUCTUACIONES ECONOMICAS  |2 CL-VaPUC  |9 408970 
650 7 |a FLUCTUACIONES CICLICAS  |2 CL-VaPUC  |9 414311 
650 7 |a RECESION ECONOMICA  |2 CL-VaPUC  |9 379121 
650 0 |a Recuperación económica  |9 414312 
650 0 |a Depresión   |9 334267 
583 |a last modification  |c 19980703 00:00:00  |k Rodrigo Vera 
490 0 |a Obras de Economía 
999 |c 271922  |d 271920 
952 |0 0  |1 0  |4 0  |6 338_542000000000000_HAB_1953  |7 0  |8 A  |9 306715  |a BIBGIM  |b BIBGIM  |d 2019-11-20  |i 1429450  |o 338.542 HAB 1953  |p 1429450  |r 2025-01-15  |w 2019-11-20  |y BK  |k COM